[Event "ZN-2018-0-03843"]
[Site "LSS email"]
[Date "2018.08.09"]
[Round "?"]
[White "Stewart, Deane"]
[Black "Simmons, Ernest"]
[Result "0-1"]
[WhiteElo "992"]
[BlackElo "676"]
[PlyCount "32"]
[EventDate "2018.07.31"]
[EventType "match (corr)"]
[EventRounds "2"]
[EventCountry "GER"]
[SourceTitle "Corr 2022"]
[Source "ChessBase"]
[SourceDate "2021.10.24"]
[SourceVersion "1"]
[SourceVersionDate "2021.10.24"]
[SourceQuality "1"]

1. c4 Nf6 2. Nc3 d6 3. Nf3 b6 4. g3 Bb7 5. Bg2 e6 6. Nb5 a6 7. Nc3 Be7 8. 0-0 0-0 9. Qc2 Nc6 10. Ng5 g6 11. a3 Rb8 12. Be4 Nd4 13. Qd3 Nb3 14. Rb1 Nc5 15. Qf3 Nfxe4 16. Ncxe4 Bxg5 0-1

[Event "SN-2018-0-00937"]
[Site "LSS email"]
[Date "2018.08.08"]
[Round "?"]
[White "Gamba, Juan Manuel"]
[Black "Stewart, Deane"]
[Result "1-0"]
[WhiteElo "1095"]
[BlackElo "1038"]
[PlyCount "23"]
[EventDate "2018.07.08"]
[EventType "tourn (corr)"]
[EventRounds "6"]
[EventCountry "GER"]
[SourceTitle "Corr 2022"]
[Source "ChessBase"]
[SourceDate "2021.10.24"]
[SourceVersion "1"]
[SourceVersionDate "2021.10.24"]
[SourceQuality "1"]

1. c4 Nc6 2. Nc3 e5 3. g3 b6 4. Bg2 Bb7 5. d3 Bb4 6. Nf3 Qf6 7. 0-0 Nge7 8. Ne4 Qe6 9. Nfg5 Qg6 10. a3 Bd6 11. b4 0-0 12. c5 1-0

[Event "OP-2018-0-04593"]
[Site "LSS email"]
[Date "2018.05.31"]
[Round "?"]
[White "Shchebenyuk, Nina"]
[Black "Stewart, Deane"]
[Result "1-0"]
[WhiteElo "2001"]
[BlackElo "1313"]
[PlyCount "27"]
[EventDate "2018.05.20"]
[EventType "tourn (corr)"]
[EventRounds "4"]
[EventCountry "GER"]
[SourceTitle "Corr 2022"]
[Source "ChessBase"]
[SourceDate "2021.10.24"]
[SourceVersion "1"]
[SourceVersionDate "2021.10.24"]
[SourceQuality "1"]

1. c4 Nc6 2. d4 e6 3. a3 d5 4. Nf3 Bd7 5. cxd5 exd5 6. Nc3 Nf6 7. Bg5 h6 8. Bxf6 Qxf6 9. Nxd5 Qd6 10. Nc3 Be7 11. Nb5 Qf4 12. e3 Qe4 13. Bd3 Qd5 14. Nxc7+ 1-0

[Event "LSS No Engine Cup 179 Preliminary 0"]
[Site "LSS email"]
[Date "2018.05.28"]
[Round "?"]
[White "Cole, Steve"]
[Black "Stewart, Deane"]
[Result "1-0"]
[WhiteElo "1810"]
[BlackElo "1600"]
[PlyCount "29"]
[EventDate "2018.05.29"]
[EventType "tourn (corr)"]
[EventRounds "6"]
[EventCountry "GER"]
[SourceTitle "Corr 2022"]
[Source "ChessBase"]
[SourceDate "2021.10.24"]
[SourceVersion "1"]
[SourceVersionDate "2021.10.24"]
[SourceQuality "1"]

1. e4 e6 2. d4 d5 3. Nc3 dxe4 4. Nxe4 Nc6 5. Nf3 Bb4+ 6. c3 Ba5 7. Bd3 Nce7 8. a4 Nh6 9. Bxh6 gxh6 10. b4 Bb6 11. a5 Bxa5 12. bxa5 Ng6 13. Qc1 0-0 14. Qxh6 e5 15. Neg5 1-0

[Event "LSS No Engine Cup 179 Preliminary 0"]
[Site "LSS email"]
[Date "2018.05.28"]
[Round "?"]
[White "Kudryavtsev, Yaroslav"]
[Black "Stewart, Deane"]
[Result "1-0"]
[WhiteElo "2044"]
[BlackElo "1600"]
[PlyCount "27"]
[EventDate "2018.05.29"]
[EventType "tourn (corr)"]
[EventRounds "6"]
[EventCountry "GER"]
[SourceTitle "Corr 2022"]
[Source "ChessBase"]
[SourceDate "2021.10.24"]
[SourceVersion "1"]
[SourceVersionDate "2021.10.24"]
[SourceQuality "1"]

1. e4 e6 2. d4 d5 3. Nc3 c5 4. exd5 exd5 5. dxc5 Bxc5 6. Qxd5 Qb6 7. Ne4 Qa5+ 8. Kd1 Ne7 9. Qxc5 Qxc5 10. Nxc5 0-0 11. Bc4 Rd8+ 12. Bd2 Nec6 13. Nf3 Nd4 14. Bg5 1-0

[Event "SN-2018-0-00927"]
[Site "LSS email"]
[Date "2018.05.28"]
[Round "?"]
[White "Neil, Charles"]
[Black "Stewart, Deane"]
[Result "1-0"]
[WhiteElo "407"]
[BlackElo "1352"]
[PlyCount "51"]
[EventDate "2018.05.10"]
[EventType "tourn (corr)"]
[EventRounds "6"]
[EventCountry "GER"]
[SourceTitle "Corr 2022"]
[Source "ChessBase"]
[SourceDate "2021.10.24"]
[SourceVersion "1"]
[SourceVersionDate "2021.10.24"]
[SourceQuality "1"]

1. d4 d5 2. c4 c6 3. Nf3 dxc4 4. e4 Bg4 5. Bxc4 Nf6 6. Nc3 e6 7. 0-0 Qb6 8. Be3 Qxb2 9. Rc1 Qb4 10. Bb3 Bxf3 11. Qxf3 Nbd7 12. Ne2 0-0-0 13. Rfd1 Be7 14. d5 Rhf8 15. dxc6 bxc6 16. Rxc6+ Kb7 17. Rdc1 Nxe4 18. Rc7+ Kb8 19. R7c4 Qb5 20. Qxe4 a5 21. Ba4 Qa6 22. Rb1+ Bb4 23. Bd2 Nc5 24. Rxc5 Rxd2 25. Qe5+ Ka8 26. Bc6+ 1-0

[Event "SN-2018-0-00927"]
[Site "LSS email"]
[Date "2018.05.28"]
[Round "?"]
[White "Ragnoli, Emanuele"]
[Black "Stewart, Deane"]
[Result "1-0"]
[WhiteElo "921"]
[BlackElo "1352"]
[PlyCount "39"]
[EventDate "2018.05.10"]
[EventType "tourn (corr)"]
[EventRounds "6"]
[EventCountry "GER"]
[SourceTitle "Corr 2022"]
[Source "ChessBase"]
[SourceDate "2021.10.24"]
[SourceVersion "1"]
[SourceVersionDate "2021.10.24"]
[SourceQuality "1"]

1. d4 d5 2. Nf3 c6 3. e3 Bg4 4. Nc3 Qb6 5. h3 Bxf3 6. Qxf3 Nf6 7. Bd3 Nbd7 8. 0-0 e6 9. b3 Bb4 10. Bd2 0-0 11. a3 Bxc3 12. Bxc3 c5 13. dxc5 Nxc5 14. Bd4 Qc6 15. Bxf6 Nxb3 16. Qg4 g6 17. cxb3 Qd6 18. Qh4 h5 19. Qg5 e5 20. Bxg6 1-0

[Event "SN-2018-0-00927"]
[Site "LSS email"]
[Date "2018.05.28"]
[Round "?"]
[White "Stewart, Deane"]
[Black "Oberlaender, Rolf"]
[Result "0-1"]
[WhiteElo "1352"]
[BlackElo "746"]
[PlyCount "36"]
[EventDate "2018.05.10"]
[EventType "tourn (corr)"]
[EventRounds "6"]
[EventCountry "GER"]
[SourceTitle "Corr 2022"]
[Source "ChessBase"]
[SourceDate "2021.10.24"]
[SourceVersion "1"]
[SourceVersionDate "2021.10.24"]
[SourceQuality "1"]

1. c4 c5 2. Nc3 d6 3. e3 e6 4. Nf3 Nf6 5. Bd3 Bd7 6. Ne4 Be7 7. 0-0 0-0 8. Nxf6+ Bxf6 9. Bxh7+ Kxh7 10. Ng5+ Bxg5 11. Qh5+ Bh6 12. h4 g6 13. d3 gxh5 14. d4 Qxh4 15. Bd2 cxd4 16. Bc1 Bc6 17. Bd2 Rg8 18. g3 Qh1# 0-1

[Event "ZN-2018-0-03790"]
[Site "LSS email"]
[Date "2018.05.28"]
[Round "?"]
[White "Venturas, Bob"]
[Black "Stewart, Deane"]
[Result "1-0"]
[WhiteElo "641"]
[BlackElo "1313"]
[PlyCount "65"]
[EventDate "2018.05.19"]
[EventType "match (corr)"]
[EventRounds "2"]
[EventCountry "GER"]
[SourceTitle "Corr 2022"]
[Source "ChessBase"]
[SourceDate "2021.10.24"]
[SourceVersion "1"]
[SourceVersionDate "2021.10.24"]
[SourceQuality "1"]

1. e4 e6 2. d4 d5 3. exd5 exd5 4. h3 c5 5. Bb5+ Bd7 6. Qe2+ Be7 7. Nc3 Bxb5 8. Qxb5+ Qd7 9. dxc5 a6 10. Qxd7+ Nxd7 11. Nxd5 Rc8 12. b4 Bd8 13. Nf3 Ngf6 14. c4 Nxd5 15. cxd5 0-0 16. 0-0 Bf6 17. Rb1 Ne5 18. Nh2 Nd3 19. Be3 Nb2 20. Ng4 Nc4 21. Nxf6+ gxf6 22. Bh6 Rfe8 23. d6 Re6 24. Rbd1 Nb2 25. Rb1 Nd3 26. a3 Ne5 27. Rfd1 Nc4 28. a4 Na3 29. Rb3 Nc2 30. Rg3+ Kh8 31. Bg7+ Kg8 32. Bxf6+ Kf8 33. d7 1-0

[Event "ZL-2018-0-02077"]
[Site "LSS email"]
[Date "2018.05.07"]
[Round "?"]
[White "Stewart, Deane"]
[Black "Shim Ng Min, Francis"]
[Result "0-1"]
[WhiteElo "800"]
[BlackElo "1203"]
[PlyCount "40"]
[EventDate "2018.04.02"]
[EventType "match (corr)"]
[EventRounds "2"]
[EventCountry "GER"]
[SourceTitle "Corr 2022"]
[Source "ChessBase"]
[SourceDate "2021.10.24"]
[SourceVersion "1"]
[SourceVersionDate "2021.10.24"]
[SourceQuality "1"]

1. c4 Nf6 2. Nc3 c5 3. Nf3 Nc6 4. e3 e5 5. Bd3 d5 6. Nxd5 Nxd5 7. Qa4 Nb6 8. Nxe5 Nxa4 9. Nxf7 Kxf7 10. Be2 Bd6 11. b3 Nb6 12. Bb2 Be5 13. Bxe5 Nxe5 14. 0-0-0 Nd3+ 15. Bxd3 Qxd3 16. Rhf1 Bf5 17. Kb2 a5 18. f3 Qc2+ 19. Ka3 a4 20. Rc1 axb3# 0-1

[Event "RF-2018-0-00432"]
[Site "LSS email"]
[Date "2018.05.05"]
[Round "?"]
[White "Stewart, Deane"]
[Black "Domenche Redondo, Francesco"]
[Result "0-1"]
[WhiteElo "800"]
[BlackElo "1390"]
[PlyCount "48"]
[EventDate "2018.03.30"]
[EventType "tourn (corr)"]
[EventRounds "6"]
[EventCountry "GER"]
[SourceTitle "Corr 2022"]
[Source "ChessBase"]
[SourceDate "2021.10.24"]
[SourceVersion "1"]
[SourceVersionDate "2021.10.24"]
[SourceQuality "1"]

1. c4 e6 2. Nc3 d5 3. cxd5 exd5 4. e3 Nf6 5. Nf3 Nc6 6. Bb5 Bd6 7. Nd4 Bd7 8. Bxc6 bxc6 9. 0-0 0-0 10. Qf3 Qe7 11. Nce2 Ne4 12. Nf5 Bxf5 13. Nd4 Bd7 14. Nf5 Qf6 15. d3 Ng5 16. Qh5 Bxf5 17. e4 Nxe4 18. dxe4 Bxe4 19. Bg5 Qg6 20. Qh4 h6 21. f4 hxg5 22. fxg5 Bc5+ 23. Kh1 f5 24. gxf6 Qxg2# 0-1

[Event "RF-2018-0-00432"]
[Site "LSS email"]
[Date "2018.05.02"]
[Round "?"]
[White "Couspeyre, Thierry"]
[Black "Stewart, Deane"]
[Result "1-0"]
[WhiteElo "1362"]
[BlackElo "800"]
[PlyCount "33"]
[EventDate "2018.03.30"]
[EventType "tourn (corr)"]
[EventRounds "6"]
[EventCountry "GER"]
[SourceTitle "Corr 2022"]
[Source "ChessBase"]
[SourceDate "2021.10.24"]
[SourceVersion "1"]
[SourceVersionDate "2021.10.24"]
[SourceQuality "1"]

1. d4 d5 2. c4 c6 3. Nf3 Nf6 4. e3 Bg4 5. Qb3 b6 6. Ne5 Bf5 7. Be2 Nbd7 8. Nxc6 Qc7 9. Nb4 e6 10. Bd2 Ng4 11. Na6 Qd6 12. c5 Qe7 13. Nc7+ Kd8 14. Nxa8 Kc8 15. cxb6 Qh4 16. Ba6+ Kb8 17. bxa7+ 1-0

[Event "RF-2018-0-00432"]
[Site "LSS email"]
[Date "2018.05.02"]
[Round "?"]
[White "Stewart, Deane"]
[Black "Lauer, Frederic"]
[Result "0-1"]
[WhiteElo "800"]
[BlackElo "1125"]
[PlyCount "58"]
[EventDate "2018.03.30"]
[EventType "tourn (corr)"]
[EventRounds "6"]
[EventCountry "GER"]
[SourceTitle "Corr 2022"]
[Source "ChessBase"]
[SourceDate "2021.10.24"]
[SourceVersion "1"]
[SourceVersionDate "2021.10.24"]
[SourceQuality "1"]

1. c4 Nf6 2. Nc3 e5 3. e3 Bb4 4. a3 Bxc3 5. bxc3 0-0 6. Nf3 Nc6 7. Bd3 e4 8. Bxe4 Nxe4 9. d3 Nf6 10. 0-0 d6 11. e4 Bg4 12. h3 Bxf3 13. Qxf3 h6 14. Qg3 Kh8 15. Qh4 Ng8 16. Qh5 Nf6 17. Qh4 Ng8 18. Bg5 Qxg5 19. Qxg5 hxg5 20. Rab1 b6 21. g4 f6 22. d4 Rfe8 23. f3 Na5 24. Rb4 Ne7 25. Kg2 Ng6 26. Rh1 Nf4+ 27. Kg3 Ne2+ 28. Kg2 Nxc3 29. Rc1 Na2 0-1

[Event "OP-2018-0-04576"]
[Site "LSS email"]
[Date "2018.04.29"]
[Round "?"]
[White "Astroukh, Vitalij"]
[Black "Stewart, Deane"]
[Result "1-0"]
[WhiteElo "2404"]
[BlackElo "800"]
[PlyCount "47"]
[EventDate "2018.04.22"]
[EventType "tourn (corr)"]
[EventRounds "4"]
[EventCountry "GER"]
[SourceTitle "Corr 2022"]
[Source "ChessBase"]
[SourceDate "2021.10.24"]
[SourceVersion "1"]
[SourceVersionDate "2021.10.24"]
[SourceQuality "1"]

1. e4 e6 2. d4 d5 3. Nc3 c5 4. exd5 exd5 5. dxc5 Bxc5 6. Qxd5 Qxd5 7. Nxd5 Be6 8. Nc7+ Kd8 9. Nxa8 Nc6 10. Bf4 Nd4 11. 0-0-0 Nf6 12. b4 Bxb4 13. Rxd4+ Ke7 14. Rxb4 Rxa8 15. Rxb7+ Kf8 16. Kb2 Bd5 17. Rb8+ Rxb8+ 18. Bxb8 Ne4 19. Nh3 Nd2 20. Nf4 Nc4+ 21. Kc3 Nb6 22. Bxa7 Na4+ 23. Kb4 Bc6 24. Bd4 1-0

[Event "OP-2018-0-04576"]
[Site "LSS email"]
[Date "2018.04.29"]
[Round "?"]
[White "Stewart, Deane"]
[Black "Caviglia, Maximiliano"]
[Result "0-1"]
[WhiteElo "800"]
[BlackElo "912"]
[PlyCount "54"]
[EventDate "2018.04.22"]
[EventType "tourn (corr)"]
[EventRounds "4"]
[EventCountry "GER"]
[SourceTitle "Corr 2022"]
[Source "ChessBase"]
[SourceDate "2021.10.24"]
[SourceVersion "1"]
[SourceVersionDate "2021.10.24"]
[SourceQuality "1"]

1. c4 b6 2. Nc3 g6 3. e3 Bg7 4. d4 e6 5. Nf3 Bb7 6. g3 Ne7 7. Bg2 0-0 8. 0-0 h6 9. e4 d6 10. Nh4 Nd7 11. Qg4 a6 12. Qh3 f5 13. exf5 Bxg2 14. Kxg2 exf5 15. Nd5 g5 16. Nxe7+ Qxe7 17. Ng6 Qe4+ 18. Kg1 Rf6 19. Nh8 Bxh8 20. Be3 f4 21. gxf4 gxf4 22. Rfe1 Rg6+ 23. Kf1 Qd3+ 24. Re2 Rf8 25. Rae1 f3 26. Bxh6 fxe2+ 27. Rxe2 Qxh3+ 0-1

[Event "OP-2018-0-04576"]
[Site "LSS email"]
[Date "2018.04.29"]
[Round "?"]
[White "Stewart, Deane"]
[Black "Verich, Oleg"]
[Result "0-1"]
[WhiteElo "800"]
[BlackElo "1136"]
[PlyCount "28"]
[EventDate "2018.04.22"]
[EventType "tourn (corr)"]
[EventRounds "4"]
[EventCountry "GER"]
[SourceTitle "Corr 2022"]
[Source "ChessBase"]
[SourceDate "2021.10.24"]
[SourceVersion "1"]
[SourceVersionDate "2021.10.24"]
[SourceQuality "1"]

1. c4 Nf6 2. Nc3 e5 3. Nf3 Nc6 4. Ng5 h6 5. Nf3 e4 6. Ng1 Bc5 7. d3 exd3 8. Qxd3 d6 9. Ne4 Nb4 10. Nxf6+ Qxf6 11. Qe4+ Be6 12. Qxb7 Qxf2+ 13. Kd2 Qd4+ 14. Ke1 Nc2# 0-1

[Event "OP-2018-0-04559"]
[Site "LSS email"]
[Date "2018.03.28"]
[Round "?"]
[White "Stewart, Deane"]
[Black "Alonso, Sergio"]
[Result "0-1"]
[WhiteElo "800"]
[BlackElo "1404"]
[PlyCount "34"]
[EventDate "2018.03.23"]
[EventType "tourn (corr)"]
[EventRounds "4"]
[EventCountry "GER"]
[SourceTitle "Corr 2022"]
[Source "ChessBase"]
[SourceDate "2021.10.24"]
[SourceVersion "1"]
[SourceVersionDate "2021.10.24"]
[SourceQuality "1"]

1. c4 e5 2. Nc3 Nf6 3. e3 Bb4 4. a3 Bxc3 5. bxc3 0-0 6. d4 d6 7. Nf3 Bg4 8. Be2 Nbd7 9. h3 Bh5 10. g4 Bg6 11. g5 Ne4 12. Qb3 Nxg5 13. Nxg5 Qxg5 14. Bg4 Nf6 15. f4 Qh4+ 16. Kd1 Nxg4 17. Kd2 Qf2+ 0-1

[Event "OP-2018-0-04559"]
[Site "LSS email"]
[Date "2018.03.28"]
[Round "?"]
[White "Stewart, Deane"]
[Black "Drobotov, Gennady Sergeevich"]
[Result "0-1"]
[WhiteElo "800"]
[BlackElo "1462"]
[PlyCount "46"]
[EventDate "2018.03.23"]
[EventType "tourn (corr)"]
[EventRounds "4"]
[EventCountry "GER"]
[SourceTitle "Corr 2022"]
[Source "ChessBase"]
[SourceDate "2021.10.24"]
[SourceVersion "1"]
[SourceVersionDate "2021.10.24"]
[SourceQuality "1"]

1. c4 c5 2. Nc3 Nc6 3. Nf3 g6 4. e4 Bg7 5. d3 d6 6. h3 Nf6 7. Be3 0-0 8. Be2 a6 9. 0-0 Rb8 10. Nd5 b5 11. Nxf6+ Bxf6 12. Rb1 bxc4 13. Qa4 cxd3 14. Bxd3 Bd7 15. Bh6 Ne5 16. Qxa6 Ra8 17. Qb7 Nxd3 18. Rfd1 Nb4 19. e5 Bc6 20. Qxb4 cxb4 21. exf6 Bxf3 22. gxf3 Re8 23. fxe7 Qxe7 0-1

[Event "OP-2018-0-04559"]
[Site "LSS email"]
[Date "2018.03.28"]
[Round "?"]
[White "Verich, Oleg"]
[Black "Stewart, Deane"]
[Result "1-0"]
[WhiteElo "1150"]
[BlackElo "800"]
[PlyCount "55"]
[EventDate "2018.03.23"]
[EventType "tourn (corr)"]
[EventRounds "4"]
[EventCountry "GER"]
[SourceTitle "Corr 2022"]
[Source "ChessBase"]
[SourceDate "2021.10.24"]
[SourceVersion "1"]
[SourceVersionDate "2021.10.24"]
[SourceQuality "1"]

1. c4 Nc6 2. d4 e6 3. Nc3 d5 4. cxd5 exd5 5. Bf4 g5 6. Bg3 h5 7. h4 gxh4 8. Bxh4 Qd6 9. Nf3 Qf4 10. e3 Qg4 11. g3 Bb4 12. Be2 Bxc3+ 13. bxc3 Nh6 14. Qb3 Qe4 15. 0-0 Bh3 16. Rfe1 Nf5 17. Kh2 Nxh4 18. Nxh4 Qe6 19. Qxb7 0-0 20. Qxc7 Qf6 21. Kxh3 Rab8 22. Qf4 Qe6+ 23. Kh2 Rb2 24. Qf5 Qe8 25. Qg5+ Kh8 26. Qxh5+ Kg8 27. Qg5+ Kh7 28. Nf5 1-0

[Event "RN-2018-0-01415"]
[Site "LSS email"]
[Date "2018.03.13"]
[Round "?"]
[White "Stewart, Deane"]
[Black "Vontina, Maria"]
[Result "1-0"]
[WhiteElo "800"]
[BlackElo "868"]
[PlyCount "65"]
[EventDate "2018.03.03"]
[EventType "tourn (corr)"]
[EventRounds "6"]
[EventCountry "GER"]
[SourceTitle "Corr 2022"]
[Source "ChessBase"]
[SourceDate "2021.10.24"]
[SourceVersion "1"]
[SourceVersionDate "2021.10.24"]
[SourceQuality "1"]

1. c4 Nf6 2. Nc3 d5 3. cxd5 Nxd5 4. e4 Nb6 5. d4 g6 6. a4 Bg7 7. Be3 0-0 8. a5 N6d7 9. Nf3 Nf6 10. h3 Nbd7 11. e5 Ne8 12. Bc4 e6 13. Bg5 f6 14. Bxe6+ Kh8 15. exf6 Nexf6 16. 0-0 Re8 17. Bc4 Qe7 18. Nb5 Qd8 19. Bf4 Rf8 20. Re1 Ne8 21. Bg5 Ndf6 22. Ne5 a6 23. Nf7+ Rxf7 24. Bxf7 Bd7 25. Nc3 Nd6 26. Bb3 Bc6 27. Qd3 Qf8 28. Bxf6 Qxf6 29. d5 Bd7 30. Re6 Bxe6 31. dxe6 Re8 32. Re1 c6 33. Qxd6 1-0

[Event "IECC CL7-2000.36"]
[Site "IECC email"]
[Date "2000.07.12"]
[Round "?"]
[White "Gallant, Jim"]
[Black "Stewart, Deane"]
[Result "1-0"]
[WhiteElo "918"]
[BlackElo "1109"]
[PlyCount "49"]
[EventDate "2000.??.??"]
[EventType "tourn (corr)"]
[EventRounds "4"]
[SourceTitle "Corr 2008"]
[Source "ChessBase"]
[SourceDate "2008.06.24"]
[SourceVersion "1"]
[SourceVersionDate "2008.06.24"]
[SourceQuality "1"]

1. e4 e6 2. d4 d5 3. Nd2 c5 4. exd5 exd5 5. dxc5 Bxc5 6. Nb3 Bd6 7. Bb5+ Nc6 8. Nf3 Nge7 9. 0-0 Qc7 10. Re1 0-0 11. h3 Bf5 12. Nfd4 Be4 13. Bg5 Nxd4 14. Nxd4 Nc6 15. c4 Bh2+ 16. Kh1 Be5 17. Bxc6 bxc6 18. f3 Qb6 19. Be3 Bg6 20. Ne6 Qxb2 21. Nxf8 Rxf8 22. Bc5 Re8 23. f4 Qxa1 24. Qxa1 Bxa1 25. Rxe8# 1-0

[Event "IECC CL7-2000.26"]
[Site "IECC email"]
[Date "2000.05.03"]
[Round "?"]
[White "Gumminger, Fred"]
[Black "Stewart, Deane"]
[Result "0-1"]
[WhiteElo "983"]
[BlackElo "1102"]
[PlyCount "58"]
[EventDate "2000.??.??"]
[EventType "tourn (corr)"]
[EventRounds "4"]
[SourceTitle "Corr 2008"]
[Source "ChessBase"]
[SourceDate "2008.06.24"]
[SourceVersion "1"]
[SourceVersionDate "2008.06.24"]
[SourceQuality "1"]

1. d4 c5 2. d5 e5 3. e4 d6 4. Nf3 f5 5. Bb5+ Bd7 6. Nc3 Bxb5 7. Nxb5 fxe4 8. Ng5 Qd7 9. Qe2 Nf6 10. c4 Na6 11. a3 Be7 12. Nxe4 Nxe4 13. Qxe4 0-0 14. 0-0 Nc7 15. a4 Nxb5 16. axb5 a6 17. Qd3 axb5 18. Rxa8 Rxa8 19. f4 bxc4 20. Qxc4 b5 21. Qc3 e4 22. f5 Bf6 23. Qg3 Ra1 24. Qf4 Bd4+ 25. Kh1 Qe7 26. h4 e3 27. b4 e2 28. Re1 Rxc1 29. Qg3 Qe5 0-1

[Event "IECC CL7-2000.26"]
[Site "IECC email"]
[Date "2000.05.03"]
[Round "?"]
[White "Stewart, Deane"]
[Black "Cunningham, Don"]
[Result "1-0"]
[WhiteElo "1094"]
[BlackElo "921"]
[PlyCount "53"]
[EventDate "2000.??.??"]
[EventType "tourn (corr)"]
[EventRounds "4"]
[SourceTitle "Corr 2008"]
[Source "ChessBase"]
[SourceDate "2008.06.24"]
[SourceVersion "1"]
[SourceVersionDate "2008.06.24"]
[SourceQuality "1"]

1. f4 d5 2. Nf3 Bf5 3. d4 Nf6 4. h3 e6 5. g4 Be4 6. Nbd2 Bd6 7. Bg2 0-0 8. g5 Nh5 9. Nxe4 dxe4 10. Ne5 Nc6 11. Nxc6 bxc6 12. e3 Ng3 13. Rg1 c5 14. Kf2 Nf5 15. d5 Nh4 16. Bxe4 f6 17. gxf6 Rxf6 18. dxe6 Rb8 19. Qd3 Rxe6 20. Bd5 Qe7 21. Rd1 Bxf4 22. exf4 Kh8 23. Bxe6 c4 24. Bxc4 h6 25. Be3 Rf8 26. Re1 Rd8 27. Bd4 1-0

[Event "IECC CL7-2000.25"]
[Site "IECC email"]
[Date "2000.04.22"]
[Round "?"]
[White "Stewart, Deane"]
[Black "Copin, Jean Christophe"]
[Result "1-0"]
[WhiteElo "1035"]
[BlackElo "1114"]
[PlyCount "45"]
[EventDate "2000.??.??"]
[EventType "tourn (corr)"]
[EventRounds "4"]
[SourceTitle "Corr 2008"]
[Source "ChessBase"]
[SourceDate "2008.06.24"]
[SourceVersion "1"]
[SourceVersionDate "2008.06.24"]
[SourceQuality "1"]

1. f4 e5 2. fxe5 d6 3. exd6 Bxd6 4. Nf3 g5 5. d4 g4 6. Ng5 f5 7. e4 h6 8. e5 Be7 9. Nh3 Qd5 10. Nc3 Qa5 11. Nf4 c6 12. Bd2 Bb4 13. a3 Bxc3 14. Bxc3 Qb6 15. Bc4 Ne7 16. Bb4 Rh7 17. 0-0 Nd7 18. Nh5 a5 19. e6 Ne5 20. Nf6+ Kd8 21. Bc5 Nxc4 22. Bxb6+ Nxb6 23. Nxh7 1-0

[Event "IECC Y2KO email"]
[Site "IECC email"]
[Date "1999.10.14"]
[Round "?"]
[White "Stewart, Deane"]
[Black "Kulczycki, Michael"]
[Result "0-1"]
[WhiteElo "1146"]
[BlackElo "1832"]
[PlyCount "76"]
[EventDate "1999.??.??"]
[EventType "tourn (corr)"]
[EventRounds "2"]
[SourceTitle "Corr 2008"]
[Source "ChessBase"]
[SourceDate "2008.06.24"]
[SourceVersion "1"]
[SourceVersionDate "2008.06.24"]
[SourceQuality "1"]

1. f4 d5 2. Nf3 Nf6 3. e3 Bg4 4. h3 Bxf3 5. Qxf3 Nbd7 6. c4 e5 7. cxd5 e4 8. Qg3 Nxd5 9. d4 exd3 10. Bxd3 Nc5 11. Bf5 g6 12. Bc2 Nb4 13. Na3 Nxc2+ 14. Nxc2 Qd3 15. Qf2 Ne4 16. Qf1 Qxc2 17. Qb5+ c6 18. Qe5+ Kd7 19. Qd4+ Kc7 20. 0-0 Bd6 21. Qd1 Qxd1 22. Rxd1 f5 23. a3 Rhe8 24. b4 a5 25. bxa5 Rxa5 26. Bb2 Rea8 27. Rd3 b5 28. Rad1 c5 29. Rd5 Kc6 30. g4 c4 31. gxf5 Bxa3 32. Bxa3 Rxa3 33. fxg6 Rxe3 34. gxh7 Rg3+ 35. Kh2 Rg7 36. Ra1 Kxd5 37. Rxa8 Rxh7 38. Ra5 Nd6 0-1